000 00481cam a2200145 4500500
005 20251228090413.0
041 _afre
042 _adc
100 1 0 _aFerrari, Jérôme
_eauthor
245 0 0 _aAvec Théodoros de Mircea Cărtărescu
260 _c2025.
500 _a56
786 0 _nLa Nouvelle Revue française | 660 | 1 | 2025-02-27 | p. 79-82 | 0029-4802
856 4 1 _uhttps://shs.cairn.info/revue-la-nouvelle-revue-francaise-2025-1-page-79?lang=fr&redirect-ssocas=7080
999 _c1602364
_d1602364